Statistics for Relatively close Capital City Pairs compared to Country Centroids

Click here to take the quiz!

General Stats

  • This quiz has been taken 38 times
  • The average score is 27 of 40

Answer Stats

Capital City% Correct
Riga
92%
Moscow
88%
Tallinn
88%
Warsaw
88%
Helsinki
88%
Kiev
83%
Minsk
83%
Rome
83%
Vilnius
79%
Vatican City
79%
Vienna
71%
Bratislava
67%
Stockholm
63%
Chisinau
63%
Bucharest
63%
Brazzaville
58%
Kinshasa
58%
Budapest
58%
Beirut
50%
Damascus
46%
Buenos Aires
42%
Montevideo
42%
Mbabane
29%
Maputo
29%
Pretoria
29%
Niamey
29%
Ouagadougou
21%

Score Distribution

Percentile by Number Answered

Percent of People with Each Score

Your Score History

You have not taken this quiz